মানব মনের উদ্বেগ ও বিষন্নতা / (Record no. 13897)
[ view plain ]
| 000 -LEADER | |
|---|---|
| fixed length control field | 00761nam a2200241 a 4500 |
| 001 - CONTROL NUMBER | |
| JCCL Control Number | 13897 |
| 003 - CONTROL NUMBER IDENTIFIER | |
| JCCL marc code | BD-JhCC |
| 005 - DATE AND TIME OF LATEST TRANSACTION | |
| control field | 20240513090758.0 |
| 008 - FIXED-LENGTH DATA ELEMENTS--GENERAL INFORMATION | |
| fixed length control field | 171024s2007 bg |||| ||a| 000 0 ben d |
| 020 ## - INTERNATIONAL STANDARD BOOK NUMBER | |
| International Standard Book Number | 9844220677 |
| 035 ## - SYSTEM CONTROL NUMBER | |
| system control number | (BD-JhCC)13897 |
| 040 ## - CATALOGING SOURCE | |
| Original cataloging agency | BD-JhCC |
| Modifying agency | BD-JhCC |
| 041 ## - LANGUAGE CODE | |
| Language code of Book | ben |
| 082 ## - DEWEY DECIMAL CLASSIFICATION NUMBER | |
| Classification number | 153.42 |
| Author mark and Year | KAM 2007 |
| 100 ## - MAIN ENTRY--PERSONAL NAME | |
| Personal name | কামাল, ডা. মোহিত |
| 245 ## - TITLE STATEMENT | |
| Title | মানব মনের উদ্বেগ ও বিষন্নতা / |
| Statement of responsibility, etc | ডা. মোহিত কামাল |
| 260 ## - PUBLICATION, DISTRIBUTION, ETC. (IMPRINT) | |
| Place of publication, distribution, etc | ঢাকা : |
| Name of publisher, distributor, etc | বিদ্যা প্রকাশ, |
| Date of publication, distribution, etc | ২০০৭. |
| 300 ## - PHYSICAL DESCRIPTION | |
| Pagination | ১৬৮ পৃ . : |
| Dimensions | ২১ সেমি. |
| 650 ## - SUBJECT ADDED ENTRY--TOPICAL TERM | |
| Topical term or geographic name as entry element | Brain |
| 650 ## - SUBJECT ADDED ENTRY--TOPICAL TERM | |
| Topical term or geographic name as entry element | though and thinking |
| 942 ## - ADDED ENTRY ELEMENTS (KOHA) | |
| Source of classification or shelving scheme | Dewey Decimal Classification |
| Koha item type | Books |
| Source of classification or shelving scheme | Damaged status | Not for loan | Home library | Current library | Shelving location | Date of accession | Cost, normal purchase price | Total Checkouts | Full call number | Barcode | Date last seen | Copy number | Method of acquisition | Koha item type | Currency |
|---|---|---|---|---|---|---|---|---|---|---|---|---|---|---|---|
| Dewey Decimal Classification | JCC Rouf Library | JCC Rouf Library | General Stacks | 150.00 | 153.42 KAM 2007 | 19510 | 05/13/2024 | C-1 | Purchase | Books | BDT |